000 00656nam a2200205 i 4500
001 129492
003 ES-MaACL
005 20250811113623.0
007 t|
008 070620n19001999sp ||||1| spa d
080 _a7(6)
100 1 _aTheile, Albert.
_9109891
245 1 3 _aEl arte en Africa... /
_cAlbert Theile ; [traducción de Mª Pilar García Lillo].
260 _aMadrid, etc. :
_bDaimon,
_c[s.a.]
300 _a320 p. con 35 h. de lám. n. y col. :
_bil. ;
_c19 cm.
650 1 7 _aArte africano
_2embne
_910151
700 1 _aGarcía Lillo, María Pilar.
_954821
852 _aES-MaACL
_jC-27216
_bR.56131
999 _c129492
_d129492